000 00440nam a2200181 4500
020 _a9788196813826
082 _aM 782.421649092
_bMAN/V
100 _aManoj M B
245 _aVedan:
_bnavasamskarithayude pattum rashtreeyavum/
_cby Manoj M B
260 _aThrissur:
_bGadha books,
_c2025.
300 _a199p.
650 _aRamp Music
650 _aSongs
650 _aVocal music
650 _aMusic
650 _aArts
942 _cBK
999 _c181205
_d181205